|
|
|
|
| LEADER |
00000nam0a2200000 4500 |
| 001 |
319478 |
| 005 |
20231101020923.0 |
| 010 |
|
|
|a 5265000747
|
| 035 |
|
|
|a (RuTPU)RU\TPU\book\344987
|
| 090 |
|
|
|a 319478
|
| 100 |
|
|
|a 20160601d1988 m y0rusy50 ca
|
| 101 |
1 |
|
|a rus
|c kir
|
| 102 |
|
|
|a RU
|
| 105 |
|
|
|a y z 000ay
|
| 200 |
1 |
|
|a Иманбай Великолепный
|e роман в новеллах
|e пер. с киргиз.
|f Т. Сыдыкбеков
|g пер. В. Коркин
|
| 210 |
|
|
|a Москва
|c Советский писатель
|d 1988
|
| 215 |
|
|
|a 432 с.
|
| 610 |
1 |
|
|a художественная литература
|
| 610 |
1 |
|
|a киргизская литература
|
| 610 |
1 |
|
|a романы
|
| 610 |
1 |
|
|a новеллы
|
| 610 |
1 |
|
|a юмор
|
| 610 |
1 |
|
|a сатира
|
| 675 |
|
|
|a 894.3
|v 4
|
| 700 |
|
1 |
|a Сыдыкбеков
|b Т.
|g Тугельбай
|4 070
|
| 702 |
|
1 |
|a Коркин
|b В.
|4 730
|
| 801 |
|
1 |
|a RU
|b 63413507
|c 20160601
|
| 942 |
|
|
|c BK
|